logo

Bir Sreshtho Munshi Abdur Rouf Library
Jhenaidah Cadet College

প্রথম আলো ভাষারীতি / (Record no. 1684)

MARC details
000 -LEADER
fixed length control field 00752nam a2200241 a 4500
001 - CONTROL NUMBER
JCCL Control Number 1684
003 - CONTROL NUMBER IDENTIFIER
JCCL marc code BD-JhCC
005 - DATE AND TIME OF LATEST TRANSACTION
control field 20200317134008.0
008 - FIXED-LENGTH DATA ELEMENTS--GENERAL INFORMATION
fixed length control field 171023s2009 bg ||||| |||| 00| 0 ben d
020 ## - INTERNATIONAL STANDARD BOOK NUMBER
International Standard Book Number 9789848765012
035 ## - SYSTEM CONTROL NUMBER
system control number (BD-JhCC)1684
040 ## - CATALOGING SOURCE
Original cataloging agency BD-JhCC
Modifying agency BD-JhCC
041 ## - LANGUAGE CODE
Language code of Book ben
082 ## - DEWEY DECIMAL CLASSIFICATION NUMBER
Classification number 410
Author mark and Year HAQ 2009
100 ## - MAIN ENTRY--PERSONAL NAME
Personal name হক, মাহবুবুল
245 ## - TITLE STATEMENT
Title প্রথম আলো ভাষারীতি /
Statement of responsibility, etc মাহবুবুল হক, সাজ্জাদ শরিফ
260 ## - PUBLICATION, DISTRIBUTION, ETC. (IMPRINT)
Place of publication, distribution, etc ঢাকা :
Name of publisher, distributor, etc প্রথমা প্রকাশনী,
Date of publication, distribution, etc 2009.
300 ## - PHYSICAL DESCRIPTION
Pagination 151 P. :
Dimensions 18 cm.
650 ## - SUBJECT ADDED ENTRY--TOPICAL TERM
Topical term or geographic name as entry element Linguistics
700 ## - ADDED ENTRY--PERSONAL NAME
Personal name শরিফ, সাজ্জাদ
942 ## - ADDED ENTRY ELEMENTS (KOHA)
Source of classification or shelving scheme Dewey Decimal Classification
Koha item type Books
Koha issues (borrowed), all copies 4
Holdings
Source of classification or shelving scheme Damaged status Not for loan Home library Current library Shelving location Date of accession Cost, normal purchase price Total Checkouts Full call number Barcode Date last seen Date checked out Copy number Koha item type
Dewey Decimal Classification     JCC Rouf Library JCC Rouf Library General Stacks 10/23/2017 175.00 2 891.4409 HAQ 2009 3084 10/19/2025 03/16/2020 C-1 Books

JCC Library | Contacts | JCC Home

Last Update on 23 September 2017
Copyright @ 2017-2020 JCC Rouf Library
Rouf Library, Jhenidah Cadet College (JCC), Bangladesh